书目信息 |
| 题名: |
森林生态学
|
|
| 作者: | 李俊清 主编 | |
| 分册: | ||
| 出版信息: | 北京 高等教育出版社 2006 |
|
| 页数: | 510页 | |
| 开本: | 24cm | |
| 丛书名: | ||
| 单 册: | ||
| 中图分类: | S718.5 | |
| 科图分类: | ||
| 主题词: | 森林--植物生态学 , 森林 , 植物生态学 | |
| 电子资源: | ||
| ISBN: | 7-04-020008-2 | |
| 000 | 00881nam0 2200265 450 | |
| 001 | 1536657416 | |
| 005 | 20150131101122.71 | |
| 010 | @a7-04-020008-2@dCNY48.00 | |
| 100 | @a20060104d2006 em y0chiy50 ea | |
| 101 | 0 | @achi |
| 102 | @aCN@b110000 | |
| 105 | @aa z 000yy | |
| 200 | 1 | @a森林生态学@9sen lin sheng tai xue@f李俊清主编 |
| 210 | @a北京@c高等教育出版社@d2006 | |
| 215 | @a510页@c图@d24cm | |
| 312 | @a封面英文题名:Forest ecology | |
| 330 | @a本书主要包括个体生态、种群生态、群落生态、生态系统和全球变化等生态学主干内容,重点突出森林生态自身的特点,系统介绍森林分布、森林演替、森林植被分区和森林群落分类等内容。 | |
| 510 | 1 | @aForest ecology@zeng |
| 606 | 0 | @a森林@x植物生态学 |
| 606 | 0 | @a森林 |
| 606 | 0 | @a植物生态学 |
| 690 | @aS718.5@v5 | |
| 701 | 0 | @a李俊清@9li jun qing@c(生态学)@4主编 |
| 801 | 0 | @aCN@bTSSF@c20150131 |
| 905 | @aZUCC@dS718.5@eJY49 | |
| 森林生态学/李俊清主编.-北京:高等教育出版社,2006 |
| 510页:图;24cm |
| ISBN 7-04-020008-2:CNY48.00 |
| 本书主要包括个体生态、种群生态、群落生态、生态系统和全球变化等生态学主干内容,重点突出森林生态自身的特点,系统介绍森林分布、森林演替、森林植被分区和森林群落分类等内容。 |
| ● |
| 相关链接 |
|
|
|
|
正题名:森林生态学
索取号:S718.5/JY49
 
预约/预借
| 序号 | 登录号 | 条形码 | 馆藏地/架位号 | 状态 | 备注 |
| 1 | 7862588 | 278625882 | 学院路分馆/ [索取号:S718.5/JY49] | 在馆 | |
| 2 | 7862589 | 278625891 | 学院路分馆/ [索取号:S718.5/JY49] | 在馆 |